| 000 | 00490nam a2200181Ia 4500 | ||
|---|---|---|---|
| 005 | 20250326125455.0 | ||
| 008 | 250326s9999 xx 000 0 und d | ||
| 037 | _aTextbook | ||
| 040 |
_aFMSL _beng _cFMSL |
||
| 041 |
_aeng _2eng |
||
| 084 |
_aY:4:61(T) L3 _qFMSL |
||
| 100 | _aHayakawa S I | ||
| 245 | 0 |
_aPolice training officer _cHayakawa S I |
|
| 260 |
_aUSa _bUSa, Charles C Thomas _c1973 |
||
| 300 | _a225p | ||
| 942 |
_cTB _hY:4:61(T) L3 |
||
| 999 |
_c1278224 _d1278224 |
||